| 000 | 00523nam a2200169Ia 4500 | ||
|---|---|---|---|
| 005 | 20250423094949.0 | ||
| 008 | 250422s9999 xx 000 0 und d | ||
| 020 | _a9780071456067 | ||
| 050 | _aRC 200 .C876/ | ||
| 245 | 0 | _aCurrent diagnosis & treatment of sexually transmitted diseases | |
| 260 | _aNew York | ||
| 260 | _bMc Graw Hill | ||
| 260 | _c2001 | ||
| 300 | _a248 p | ||
| 650 | _aSexually transmitted diseases. Sexually Transmitted Diseases--diagnosis. Sexually Transmitted Diseases--therapy. | ||
| 942 | _cBK | ||
| 999 |
_c28827 _d28827 |
||